000 00672nam a2200217Ia 4500
001 4383
003 GE_BSU
008 181216s||||||||xx |||||||||||||| ||und||
040 _cGE_BSU
080 _a697.24:662.951
100 _aСоснин,Ю.П.
245 _aГазовые контактные водонагреватели.
245 _bПособие по расчету и проектированию.
245 _cРед. В.А.Чекрыжков.
260 _aМ.
260 _bСтройиздат.
260 _c1967.
300 _a267 стр. 19 см.
653 _aГазовые контактные водонагреватели.
942 _cBK
999 _c38373
_d38373